000 00643nam a22002177a 4500
003 OSt
005 20140410141957.0
008 140121b xxu||||| |||| 00| 0 eng d
020 _a978-84-9840-094-6
040 _cBMC
082 _a611.01816
082 _a573.21282
245 0 3 _aEl genoma humano
260 _aMadrid
_bPalabra
_c2007
300 _a444 p.
_c20 cm
490 _aDocumentos MC
650 2 4 _912204
_aGenoma humano
650 2 4 _912205
_aGenética humana
_xAspectos religiosos
_xIglesia Católica
710 0 _917152
_aIglesia Católica
_bPontificium Consilium de Apostolatu pro Valetudinis Administris‏
942 _2ddc
_cBK
999 _c6206
_d6206